WWE - Ronda Rousey's PPV Opponents - Statistics

General Stats
  • This quiz has been taken 937 times
    383 since last reset
  • The average score is 26 of 33
Answer Stats
Year Event Match Type Opponent % Correct
2018 Survivor Series Champion vs. Champion Match Charlotte Flair
98%
2019 WrestleMania 35 Triple Threat Double Title Match Charlotte Flair
98%
2022 Elimination Chamber Tag Team Match Charlotte Flair
98%
2022 WrestleMania 38 Charlotte Flair
98%
2022 WrestleMania Backlash "I Quit" Match Charlotte Flair
98%
2019 WrestleMania 35 Triple Threat Double Title Match Becky Lynch
97%
2018 WrestleMania 34 Mixed Tag Team Match Stephanie McMahon
94%
2018 WrestleMania 34 Mixed Tag Team Match Triple H
94%
2018 Super Showdown 6-Women Tag Team Match Liv Morgan
90%
2022 Money in the Bank MITB Cash-In Match Liv Morgan
89%
2022 SummerSlam Liv Morgan
89%
2022 Extreme Rules Extreme Rules Match Liv Morgan
89%
2023 WrestleMania 39 4-Team Showcase Match Liv Morgan
89%
2023 Money in the Bank Tag Team Match Liv Morgan
89%
2018 Evolution Nikki Bella
89%
2019 Royal Rumble Sasha Banks
89%
2018 SummerSlam Alexa Bliss
86%
2018 Hell in a Cell Alexa Bliss
86%
2018 Money in the Bank Nia Jax
84%
2018 Tables, Ladders & Chairs Nia Jax
84%
2023 SummerSlam MMA Rules Match Shayna Baszler
84%
2022 Money in the Bank Natalya
72%
2023 WrestleMania 39 4-Team Showcase Match Natalya
72%
2023 WrestleMania 39 4-Team Showcase Match Raquel Rodriguez
71%
2023 Money in the Bank Tag Team Match Raquel Rodriguez
71%
2018 Super Showdown 6-Women Tag Team Match Ruby Riott
69%
2019 Elimination Chamber Ruby Riott
69%
2018 Super Showdown 6-Women Tag Team Match Sarah Logan
66%
2022 Elimination Chamber Tag Team Match Sonya Deville
57%
2023 WrestleMania 39 4-Team Showcase Match Sonya Deville
57%
2023 WrestleMania 39 4-Team Showcase Match Chelsea Green
48%
2022 Survivor Series: WarGames Shotzi
42%
2023 WrestleMania 39 4-Team Showcase Match Shotzi
42%
No matching quizzes found
Score Distribution
Percent of People with Each Score
Percentile by Number Answered
Your Score History
You have not taken this quiz since the last reset